000 00191nam a22000977a 4500
041 _aeng
080 _a80
100 _aAzar, Betty
245 _aFundamentals of English Grammar
999 _c282198
_d282198
942 _cBK